000 01115cam a2200205 4500
001 ABS68261
008 040907n2004 000 0 eng u
035 _a(Sirsi) u127288
100 _aEarly, C.
245 _aFears obscure growth area
260 _c2004
490 _aPlanning (for the Natural and Built Environment)
_v(1584) 27 August 2004, 8(1)
520 _aThe ODPM commissioned a study by Colin Buchanan and Partners and GVA Grimley to establish whether the 18 000 homes for the M11 corridor, proposed by the East of England regional assembly are realistic. Outlines target allocations set out in the draft RPG14: "East of England". The study, "Relationship between transport and development in the M11 growth area", concludes that it would be premature to plan for a major settlement in the growth area. Puts forward two options for accommodating new houses: concentration in the urban areas and development along transport corridors to ensure reserve capacity for growth.
590 _aABS
590 _aABS
650 _aM11 CORRIDOR
650 _aRPG14
690 _aPLANNING
942 _n0
999 _c117968
_d117968